000 00370nam a22001337a 4500
003 SGT
020 _a97881864001184
082 _a200
_bS10G
100 _aगोयनका, कमल किशोर
245 _aसचल तीर्थ वागर्थ
260 _bनिर्मल पब्लिकेशंस
_c2010
300 _a938
942 _2ddc
_cBK
999 _c31747
_d31747